| 000 | 01435cam a2200421 i 4500 | ||
|---|---|---|---|
| 999 |
_c7508 _d7508 |
||
| 001 | vtls000391700 | ||
| 003 | NUKAT | ||
| 005 | 20181105102253.0 | ||
| 008 | 041202s1963 pl g |000 0 pol c | ||
| 035 | _azz2004957299 | ||
| 039 | 9 |
_a201808201138 _bbuw96 _c201806040953 _dkopwsddwp _c201804170124 _dVLOAD _c201804161034 _dfmim |
|
| 040 |
_aKR U/WS _cKR U/WS _dKR U/ES _dKR 93/BZs _dGL 001/FAN |
||
| 041 | 0 |
_apol _ager |
|
| 245 | 0 | 0 |
_aMały słownik techniczny niemiecko-polski / _cpod red. J. F. Drewnowskiego [ et. al.]. |
| 246 | 1 | 3 | _aKleines deutsch-polisches technisches Wörterbuch |
| 260 |
_aWarszawa : _bWydawnictwa Naukowo-Techniczne, _ccop. 1963. |
||
| 300 |
_a[8], 230, [1] s. ; _c17 cm. |
||
| 650 |
_aTechnika _vsłowniki niemieckie. |
||
| 650 |
_aTechnika _vsłowniki polskie. |
||
| 700 | 1 |
_aDrewnowski, Jan Franciszek _d(1896-1978). _eRed. |
|
| 710 | 2 |
_aWydawnictwa Naukowo-Techniczne. _4pbl _919 |
|
| 982 | _aBYDG_24 | ||
| 942 |
_2ddc _cBK |
||
| 960 | _aGD_101 GD_U | ||
| 967 | _aLUBL_U | ||
| 980 | _aSZCZ_ZUT | ||